000 00340nam a2200145Ia 4500
005 20251222144727.0
008 251222s9999||||xx |||||||||||||| ||spa||
020 _a968-444-442-7
082 _a338.5/P26/2010
100 _aParkin, Michael
245 0 _aMicroeconomía:
250 _a9a.ed.
264 _bPearson Educación
942 _cLIB
999 _c18437
_d18437